000 00809nam a2200229Ii 4500
003 JO-AjNU
008 230605s9999||||xx |||||||||||||| ||und||
017 _a2004/9/2286
020 _a9957-11-574-X
040 _aJO-AjNU
_bara
_erda
_cJO-AjNU
041 _aara
050 1 4 _aHD62.7.B37.2010
100 3 _aبرنوطي،سعاد نايف,
_eauthor
_928387
245 0 0 _aادارة الاعمال الصغيرة:ابعاد للريادة=SMALL BUSINESS MANAGEMENT:IMPLICATIONS FOR ENTREPRENEURSHIP
250 _aط3
264 3 1 _aعمان:دار وائل للنشر والتوزيع،2010
300 _a446ص
336 _atext
_btxt
_2rdacontent
337 _aunmediated
_bn
_2rdamedia
338 _avolume
_bnc
_2rdacarrier
650 4 _aادارة الاعمال-الشركات الصغيرة
_928388
999 _aA11005
_c14573
_d14573